[Event "African Games-chT 2019"]
[Site "Casablanca"]
[Date "2019.08.25"]
[Round "6.9"]
[White "Zaibi, Amir"]
[Black "Oatlhotse, Providence"]
[Result "1-0"]
[WhiteElo "2367"]
[BlackElo "2252"]
[Annotator "ChessBase"]
[PlyCount "127"]
[EventDate "2019.08.24"]
[EventType "team-tourn"]
[EventCountry "MAR"]
[SourceTitle "playchess.com"]
[Source "ChessBase"]
[SourceQuality "1"]
[WhiteTeam "Tunisia"]
[BlackTeam "Botswana"]
[WhiteTeamCountry "TUN"]
[BlackTeamCountry "BOT"]
[TimeControl "900+10"]

1. c4 {[%emt 0:00:00]} c5 {[%emt 0:00:14]} 2. Nc3 {[%emt 0:00:00]} g6 {[%emt 0:00:18]} 3. g3 {[%emt 0:00:00]} Bg7 {[%emt 0:00:00]} 4. Bg2 {[%emt 0:00:00]} Nc6 {[%emt 0:00:01]} 5. e3 {[%emt 0:00:06]} Nf6 {[%emt 0:00:02]} 6. Nge2 {[%emt 0:00:02]} O-O {[%emt 0:00:04]} 7. O-O {[%emt 0:00:03]} d6 {[%emt 0:00:04]} 8. b3 {[%emt 0:00:25]} Bf5 {[%emt 0:00:44]} 9. d3 {[%emt 0:00:31]} Nb4 {[%emt 0:00:24]} 10. e4 {[%emt 0:00:18]} Bg4 {[%emt 0:00:19]} 11. f3 {[%emt 0:01:13]} Bd7 {[%emt 0:00:03]} 12. d4 {[%emt 0:00:14]} cxd4 {[%emt 0:03:03]} 13. Nxd4 {[%emt 0:00:02]} Qa5 {[%emt 0:00:09]} 14. Be3 {[%emt 0:00:42]} Nc6 {[%emt 0:00:38]} 15. Rc1 {[%emt 0:00:42]} Rfc8 {[%emt 0:00:19]} 16. Qd2 {[%emt 0:00:37]} Nxd4 {[%emt 0:00:18]} 17. Bxd4 {[%emt 0:00:05]} b5 {[%emt 0:00:11]} 18. cxb5 {[%emt 0:01:21]} Bxb5 {[%emt 0:00:12]} 19. Rfd1 {[%emt 0:00:05]} Be8 {[%emt 0:03:41]} 20. Qb2 {[%emt 0:03:45]} Rab8 {[%emt 0:01:10]} 21. Nd5 {[%emt 0:01:46]} Nxd5 {[%emt 0:00:11]} 22. Bxg7 {[%emt 0:00:04]} Ne3 {[%emt 0:00:14]} 23. Bh6 {[%emt 0:00:24]} Rc3 {[%emt 0:01:12]} 24. Qxc3 {[%emt 0:02:05]} Qxc3 25. Rxc3 {[%emt 0:00:01]} Nxd1 {[%emt 0:00:07]} 26. Rd3 {[%emt 0:00:05]} Nb2 {[%emt 0:02:36]} 27. Rd2 {[%emt 0:00:02]} Na4 {[%emt 0:00:15]} 28. bxa4 {[%emt 0:00:02]} Bxa4 {[%emt 0:00:00]} 29. h4 {[%emt 0:00:08]} a5 {[%emt 0:00:14]} 30. Kf2 {[%emt 0:00:05]} Bd7 {[%emt 0:00:10]} 31. e5 {[%emt 0:00:12]} Be6 {[%emt 0:01:10]} 32. exd6 {[%emt 0:00:02]} exd6 {[%emt 0:00:00]} 33. Bf4 {[%emt 0:00:22]} a4 {[%emt 0:00:23]} 34. Bxd6 {[%emt 0:00:01]} Rd8 {[%emt 0:00:12]} 35. a3 {[%emt 0:00:02]} f6 {[%emt 0:00:27]} 36. Bf1 {[%emt 0:00:14]} Kf7 {[%emt 0:00:02]} 37. Bb4 {[%emt 0:00:12]} Rb8 {[%emt 0:00:28]} 38. Rc2 {[%emt 0:00:45]} Rb7 {[%emt 0:01:02]} 39. Bc4 {[%emt 0:00:05]} Bxc4 {[%emt 0:00:29]} 40. Rxc4 {[%emt 0:00:01]} h5 {[%emt 0:00:04]} 41. Rc6 {[%emt 0:00:13]} g5 {[%emt 0:00:14]} 42. hxg5 {[%emt 0:00:09]} fxg5 {[%emt 0:00:01]} 43. Rh6 {[%emt 0:00:02]} Rb5 {[%emt 0:00:08]} 44. Rxh5 {[%emt 0:00:07]} Kg6 {[%emt 0:00:00]} 45. g4 {[%emt 0:00:09]} Rd5 {[%emt 0:00:08]} 46. Rh1 {[%emt 0:00:17]} Rd8 {[%emt 0:00:05]} 47. Rc1 {[%emt 0:00:03]} Rh8 {[%emt 0:00:04]} 48. Rc6+ {[%emt 0:00:02]} Kf7 {[%emt 0:00:01]} 49. Ra6 {[%emt 0:00:13]} Rh2+ {[%emt 0:00:12]} 50. Kg3 {[%emt 0:00:01]} Rc2 {[%emt 0:00:21]} 51. Rxa4 {[%emt 0:00:03]} Kg6 {[%emt 0:00:01]} 52. Ra6+ {[%emt 0:00:01]} Kh7 {[%emt 0:00:02]} 53. Be7 {[%emt 0:00:06]} Re2 {[%emt 0:00:14]} 54. Bxg5 {[%emt 0:00:05]} Rc2 {[%emt 0:00:01]} 55. a4 {[%emt 0:00:05]} Rc5 {[%emt 0:00:02]} 56. Bf4 {[%emt 0:00:02]} Rc4 {[%emt 0:00:03]} 57. a5 {[%emt 0:00:01]} Rb4 {[%emt 0:00:01]} 58. Rb6 {[%emt 0:00:07]} Rc4 {[%emt 0:00:06]} 59. a6 {[%emt 0:00:02]} Ra4 {[%emt 0:00:00]} 60. Rb7+ {[%emt 0:00:03]} Kg6 {[%emt 0:00:01]} 61. a7 {[%emt 0:00:09]} Ra5 {[%emt 0:00:10]} 62. Be3 {[%emt 0:00:20]} Ra3 {[%emt 0:00:09]} 63. Bf2 {[%emt 0:00:02]} Ra1 {[%emt 0:00:09]} 64. Rb8 {[%emt 0:00:01]} 1-0

[Event "African Games-chT 2019"]
[Site "Casablanca"]
[Date "2019.08.25"]
[Round "6.10"]
[White "Khetho, Phemelo"]
[Black "Boudriga, Mohamed Ali"]
[Result "1/2-1/2"]
[WhiteElo "2178"]
[BlackElo "2325"]
[Annotator "ChessBase"]
[PlyCount "192"]
[EventDate "2019.08.24"]
[EventType "team-tourn"]
[EventCountry "MAR"]
[SourceTitle "playchess.com"]
[Source "ChessBase"]
[SourceQuality "1"]
[WhiteTeam "Botswana"]
[BlackTeam "Tunisia"]
[WhiteTeamCountry "BOT"]
[BlackTeamCountry "TUN"]
[TimeControl "900+10"]

1. e4 {[%emt 0:00:00]} e5 {[%emt 0:00:29]} 2. Nf3 {[%emt 0:00:00]} d6 {[%emt 0:00:02]} 3. Nc3 {[%emt 0:00:14]} Nf6 {[%emt 0:00:04]} 4. d4 {[%emt 0:00:40]} exd4 {[%emt 0:00:04]} 5. Nxd4 {[%emt 0:00:02]} Be7 {[%emt 0:00:01]} 6. Be2 {[%emt 0:00:04]} O-O {[%emt 0:00:03]} 7. O-O {[%emt 0:00:04]} Nc6 {[%emt 0:00:14]} 8. Be3 {[%emt 0:00:21]} Re8 {[%emt 0:00:02]} 9. Re1 {[%emt 0:01:19]} h6 {[%emt 0:00:39]} 10. f3 {[%emt 0:00:29]} a6 {[%emt 0:01:24]} 11. Qd2 {[%emt 0:00:59]} Ne5 {[%emt 0:01:17]} 12. Rad1 {[%emt 0:00:25]} Bf8 {[%emt 0:00:24]} 13. Bf1 {[%emt 0:00:47]} c5 {[%emt 0:01:21]} 14. Nf5 {[%emt 0:01:07]} Bxf5 {[%emt 0:00:15]} 15. exf5 {[%emt 0:00:02]} Qb6 {[%emt 0:04:19]} 16. b3 {[%emt 0:00:51]} Qc6 {[%emt 0:00:43]} 17. Nd5 {[%emt 0:00:16]} Nxd5 {[%emt 0:00:02]} 18. Qxd5 {[%emt 0:00:03]} Qxd5 {[%emt 0:00:06]} 19. Rxd5 {[%emt 0:00:03]} Nc6 {[%emt 0:00:07]} 20. Bd2 {[%emt 0:01:41]} Rxe1 {[%emt 0:02:01]} 21. Bxe1 {[%emt 0:00:02]} Rd8 {[%emt 0:00:11]} 22. g4 {[%emt 0:00:32]} Nd4 {[%emt 0:00:09]} 23. Ba5 {[%emt 0:02:07]} Re8 {[%emt 0:01:24]} 24. c3 {[%emt 0:00:05]} Nxf3+ {[%emt 0:00:05]} 25. Kg2 {[%emt 0:00:03]} Ne5 {[%emt 0:00:11]} 26. h3 {[%emt 0:00:02]} Nc6 {[%emt 0:01:58]} 27. Bc7 {[%emt 0:00:08]} Rc8 {[%emt 0:00:07]} 28. Bb6 {[%emt 0:00:03]} Ne5 {[%emt 0:00:07]} 29. Ba5 {[%emt 0:00:32]} Nd7 {[%emt 0:00:10]} 30. c4 {[%emt 0:00:08]} Ne5 {[%emt 0:00:24]} 31. Bc3 {[%emt 0:00:11]} Nc6 {[%emt 0:00:03]} 32. Kf2 {[%emt 0:00:36]} Rd8 {[%emt 0:00:11]} 33. Bg2 {[%emt 0:00:10]} Be7 {[%emt 0:00:01]} 34. Rd1 {[%emt 0:01:08]} Bf6 {[%emt 0:00:10]} 35. Bxf6 {[%emt 0:00:54]} gxf6 {[%emt 0:00:01]} 36. Re1 {[%emt 0:00:11]} Kf8 {[%emt 0:00:05]} 37. Bxc6 {[%emt 0:00:24]} bxc6 {[%emt 0:00:01]} 38. Kf3 {[%emt 0:00:23]} a5 {[%emt 0:00:08]} 39. a4 {[%emt 0:00:12]} Rb8 {[%emt 0:00:43]} 40. Re3 {[%emt 0:00:02]} d5 {[%emt 0:00:14]} 41. cxd5 {[%emt 0:01:23]} cxd5 {[%emt 0:00:02]} 42. Rc3 {[%emt 0:00:02]} Rc8 {[%emt 0:00:13]} 43. Rd3 {[%emt 0:00:16]} Rd8 {[%emt 0:00:02]} 44. Rc3 {[%emt 0:00:01]} Rc8 {[%emt 0:00:01]} 45. Rd3 {[%emt 0:00:01]} d4 {[%emt 0:00:03]} 46. Ke4 {[%emt 0:00:01]} Rd8 {[%emt 0:00:02]} 47. Rd1 {[%emt 0:00:02]} Ke7 {[%emt 0:00:01]} 48. Kd3 {[%emt 0:00:03]} Kd6 {[%emt 0:00:01]} 49. Re1 {[%emt 0:00:02]} Rb8 {[%emt 0:00:05]} 50. Kc2 {[%emt 0:00:01]} Kd7 {[%emt 0:01:05]} 51. Rc1 {[%emt 0:00:13]} Re8 {[%emt 0:00:05]} 52. Kd3 {[%emt 0:00:34]} Kc6 {[%emt 0:00:08]} 53. Rh1 {[%emt 0:01:07]} Re3+ {[%emt 0:00:03]} 54. Kc2 {[%emt 0:00:01]} Kd5 {[%emt 0:00:04]} 55. h4 {[%emt 0:00:03]} Rg3 {[%emt 0:00:53]} 56. g5 {[%emt 0:00:11]} fxg5 {[%emt 0:00:03]} 57. hxg5 {[%emt 0:00:02]} hxg5 {[%emt 0:00:17]} 58. Rh7 {[%emt 0:00:10]} c4 {[%emt 0:00:01]} 59. bxc4+ {[%emt 0:00:04]} Kxc4 {[%emt 0:00:02]} 60. Rxf7 {[%emt 0:00:00]} Rg2+ {[%emt 0:00:02]} 61. Kc1 {[%emt 0:00:02]} Rf2 {[%emt 0:00:15]} 62. f6 {[%emt 0:00:06]} Kd3 {[%emt 0:00:02]} 63. Rg7 {[%emt 0:00:03]} Rxf6 {[%emt 0:00:10]} 64. Rxg5 {[%emt 0:00:02]} Kc3 {[%emt 0:00:13]} 65. Rc5+ {[%emt 0:00:06]} Kb4 {[%emt 0:00:03]} 66. Rb5+ {[%emt 0:00:10]} Kxa4 {[%emt 0:00:03]} 67. Rb8 {[%emt 0:00:00]} Rf5 {[%emt 0:00:23]} 68. Rd8 {[%emt 0:00:09]} Rc5+ {[%emt 0:00:03]} 69. Kb2 {[%emt 0:00:02]} Rc4 {[%emt 0:00:04]} 70. Rd7 {[%emt 0:00:09]} Kb4 {[%emt 0:00:08]} 71. Rb7+ {[%emt 0:00:03]} Kc5 {[%emt 0:00:03]} 72. Rd7 {[%emt 0:00:24]} a4 {[%emt 0:00:13]} 73. Ka3 {[%emt 0:00:44]} Rc3+ {[%emt 0:00:54]} 74. Kxa4 {[%emt 0:00:01]} Kc4 {[%emt 0:00:01]} 75. Rd8 {[%emt 0:00:49]} Kd3 {[%emt 0:00:08]} 76. Kb4 {[%emt 0:00:01]} Rc7 {[%emt 0:00:01]} 77. Kb3 {[%emt 0:00:03]} Ke3 {[%emt 0:00:03]} 78. Re8+ {[%emt 0:00:03]} Kd2 {[%emt 0:00:02]} 79. Rh8 {[%emt 0:00:02]} Rc3+ {[%emt 0:00:43]} 80. Kb2 {[%emt 0:00:03]} Re3 {[%emt 0:00:09]} 81. Rh4 {[%emt 0:01:07]} d3 {[%emt 0:00:05]} 82. Rh1 {[%emt 0:00:01]} Re2 {[%emt 0:00:25]} 83. Rg1 {[%emt 0:00:07]} Rh2 {[%emt 0:00:02]} 84. Rg8 {[%emt 0:01:12]} Ke1+ {[%emt 0:00:29]} 85. Kc3 {[%emt 0:00:09]} d2 {[%emt 0:00:06]} 86. Rg1+ {[%emt 0:00:13]} Ke2 {[%emt 0:00:05]} 87. Kc2 {[%emt 0:00:07]} Rf2 {[%emt 0:01:09]} 88. Rd1 {[%emt 0:00:13]} Ke3 {[%emt 0:00:05]} 89. Rh1 {[%emt 0:00:01]} Ke2 {[%emt 0:00:14]} 90. Rd1 {[%emt 0:00:01]} Ke3 {[%emt 0:00:03]} 91. Rh1 {[%emt 0:00:01]} Rg2 {[%emt 0:00:09]} 92. Kd1 {[%emt 0:00:09]} Rg3 {[%emt 0:00:05]} 93. Rf1 {[%emt 0:00:06]} Rh3 {[%emt 0:00:05]} 94. Rg1 Rf3 {[%emt 0:00:07]} 95. Rh1 {[%emt 0:00:06]} Kd3 {[%emt 0:00:02]} 96. Rh3 {[%emt 0:00:16]} Rxh3 {[%emt 0:00:03]} 1/2-1/2

[Event "African Games-chT 2019"]
[Site "Casablanca"]
[Date "2019.08.25"]
[Round "6.11"]
[White "Marzouk, Amira"]
[Black "Francis, Onkemetse"]
[Result "1/2-1/2"]
[WhiteElo "1698"]
[BlackElo "1792"]
[Annotator "NA"]
[PlyCount "129"]
[EventDate "2019.08.24"]
[EventType "team-tourn"]
[EventCountry "MAR"]
[SourceTitle "playchess.com"]
[Source "ChessBase"]
[SourceQuality "1"]
[WhiteTeam "Tunisia"]
[BlackTeam "Botswana"]
[WhiteTeamCountry "TUN"]
[BlackTeamCountry "BOT"]
[TimeControl "900+10"]

1. d4 {[%emt 0:00:00]} d5 {[%emt 0:00:00]} 2. Bf4 {[%emt 0:00:00]} Nf6 {[%emt 0:00:02]} 3. e3 {[%emt 0:00:00]} c5 {[%emt 0:00:07]} 4. c3 {[%emt 0:00:00]} Bf5 {[%emt 0:00:28]} 5. Nf3 {[%emt 0:00:03]} Qb6 {[%emt 0:00:16]} 6. Qb3 {[%emt 0:00:13]} c4 {[%emt 0:00:52]} 7. Qxb6 {[%emt 0:00:03]} axb6 {[%emt 0:00:01]} 8. Nbd2 {[%emt 0:00:06]} b5 {[%emt 0:00:05]} 9. h3 {[%emt 0:00:12]} h6 {[%emt 0:00:03]} 10. Ne5 {[%emt 0:00:13]} e6 {[%emt 0:00:16]} 11. Be2 {[%emt 0:00:11]} Be7 {[%emt 0:00:44]} 12. Ndf3 {[%emt 0:00:23]} b4 {[%emt 0:00:18]} 13. Kd2 {[%emt 0:00:26]} bxc3+ {[%emt 0:00:34]} 14. bxc3 {[%emt 0:00:09]} Ne4+ {[%emt 0:00:02]} 15. Ke1 {[%emt 0:00:28]} Nxc3 {[%emt 0:00:06]} 16. Nd2 {[%emt 0:01:20]} Nd7 {[%emt 0:01:53]} 17. Nxd7 {[%emt 0:00:49]} Kxd7 {[%emt 0:00:02]} 18. Nxc4 {[%emt 0:00:49]} dxc4 {[%emt 0:00:26]} 19. Bxc4 {[%emt 0:00:01]} Bd6 {[%emt 0:01:10]} 20. Bxd6 {[%emt 0:00:27]} Kxd6 {[%emt 0:00:01]} 21. f3 {[%emt 0:00:15]} Rhc8 {[%emt 0:00:27]} 22. Bb3 {[%emt 0:00:14]} Nb5 {[%emt 0:00:48]} 23. a4 {[%emt 0:00:35]} Na7 {[%emt 0:00:35]} 24. e4 {[%emt 0:00:23]} Bh7 {[%emt 0:00:03]} 25. Kd2 {[%emt 0:00:16]} Rc7 {[%emt 0:00:08]} 26. d5 {[%emt 0:01:21]} Rac8 {[%emt 0:00:08]} 27. dxe6 {[%emt 0:00:32]} fxe6 {[%emt 0:00:01]} 28. Rhd1 {[%emt 0:00:11]} Ke7 {[%emt 0:00:10]} 29. Ke1 {[%emt 0:00:07]} Bg8 {[%emt 0:00:31]} 30. e5 {[%emt 0:01:48]} Rc3 {[%emt 0:00:11]} 31. Rab1 {[%emt 0:00:31]} Re3+ {[%emt 0:00:15]} 32. Kf2 {[%emt 0:00:03]} Rxe5 {[%emt 0:00:01]} 33. Ba2 {[%emt 0:00:10]} Rc7 {[%emt 0:00:02]} 34. Rd2 {[%emt 0:00:35]} Rec5 {[%emt 0:00:12]} 35. Kg3 {[%emt 0:00:12]} Nc6 {[%emt 0:00:23]} 36. Rdb2 {[%emt 0:01:20]} Na5 {[%emt 0:00:16]} 37. Bb3 {[%emt 0:00:15]} Bh7 {[%emt 0:00:44]} 38. Re1 {[%emt 0:00:09]} Nxb3 {[%emt 0:00:01]} 39. Rxb3 {[%emt 0:00:01]} Ra5 {[%emt 0:01:57]} 40. Rb6 {[%emt 0:00:19]} Ra6 {[%emt 0:01:14]} 41. Rexe6+ {[%emt 0:01:04]} Kd7 {[%emt 0:00:05]} 42. Rxa6 {[%emt 0:01:05]} bxa6 {[%emt 0:00:01]} 43. Rxa6 {[%emt 0:00:01]} Bc2 {[%emt 0:00:18]} 44. a5 {[%emt 0:00:21]} g6 {[%emt 0:00:04]} 45. Ra8 {[%emt 0:00:09]} Kc6 {[%emt 0:00:12]} 46. Kf4 {[%emt 0:03:06]} Kb7 {[%emt 0:00:19]} 47. Rh8 {[%emt 0:00:10]} h5 {[%emt 0:00:01]} 48. Re8 {[%emt 0:00:23]} Rc4+ {[%emt 0:00:15]} 49. Ke3 {[%emt 0:00:24]} Rc5 {[%emt 0:00:07]} 50. Kd4 {[%emt 0:00:54]} Rxa5 {[%emt 0:00:11]} 51. Re5 {[%emt 0:00:02]} Ra6 {[%emt 0:01:44]} 52. Rb5+ {[%emt 0:00:13]} Kc7 {[%emt 0:00:53]} 53. Rc5+ {[%emt 0:00:04]} Rc6 {[%emt 0:00:01]} 54. Rxc6+ Kxc6 {[%emt 0:00:02]} 55. Ke5 {[%emt 0:00:22]} Bd3 {[%emt 0:00:37]} 56. h4 {[%emt 0:00:24]} Kd7 {[%emt 0:00:32]} 57. Kf6 {[%emt 0:00:11]} Kd6 {[%emt 0:00:05]} 58. g4 {[%emt 0:00:09]} hxg4 {[%emt 0:00:31]} 59. fxg4 {[%emt 0:00:02]} Kd5 {[%emt 0:00:01]} 60. h5 {[%emt 0:00:17]} gxh5 {[%emt 0:00:20]} 61. gxh5 {[%emt 0:00:02]} Kd6 {[%emt 0:00:03]} 62. h6 {[%emt 0:00:02]} Kd5 {[%emt 0:00:01]} 63. Kg7 {[%emt 0:00:02]} Ke5 {[%emt 0:00:02]} 64. h7 {[%emt 0:00:02]} Bxh7 65. Kxh7 1/2-1/2

[Event "African Games-chT 2019"]
[Site "Casablanca"]
[Date "2019.08.25"]
[Round "6.12"]
[White "Gabatshwarwe Refilwe"]
[Black "Miladi, Amen"]
[Result "1-0"]
[WhiteElo "1649"]
[BlackElo "1811"]
[Annotator "NA"]
[PlyCount "95"]
[EventDate "2019.08.24"]
[EventType "team-tourn"]
[EventCountry "MAR"]
[SourceTitle "playchess.com"]
[Source "ChessBase"]
[SourceQuality "1"]
[WhiteTeam "Botswana"]
[BlackTeam "Tunisia"]
[WhiteTeamCountry "BOT"]
[BlackTeamCountry "TUN"]
[TimeControl "900+10"]

1. d4 {[%emt 0:00:00]} Nf6 {[%emt 0:00:00]} 2. Nf3 {[%emt 0:00:00]} g6 {[%emt 0:00:00]} 3. Bf4 {[%emt 0:00:00]} Bg7 {[%emt 0:00:00]} 4. e3 {[%emt 0:00:03]} d6 {[%emt 0:00:00]} 5. h3 {[%emt 0:00:13]} O-O {[%emt 0:00:02]} 6. Be2 {[%emt 0:00:04]} Nbd7 {[%emt 0:00:10]} 7. c3 {[%emt 0:00:08]} Re8 {[%emt 0:00:02]} 8. Bh2 {[%emt 0:00:20]} e5 {[%emt 0:00:02]} 9. dxe5 {[%emt 0:01:09]} dxe5 {[%emt 0:00:31]} 10. Nbd2 {[%emt 0:00:19]} Qe7 {[%emt 0:00:10]} 11. O-O {[%emt 0:00:27]} a5 {[%emt 0:00:32]} 12. Qc2 {[%emt 0:00:54]} b6 {[%emt 0:01:28]} 13. Rfd1 {[%emt 0:01:25]} Bb7 {[%emt 0:00:28]} 14. Nf1 {[%emt 0:00:53]} Rad8 {[%emt 0:00:19]} 15. Rac1 {[%emt 0:00:59]} Be4 {[%emt 0:00:41]} 16. Qb3 {[%emt 0:00:50]} Nc5 {[%emt 0:00:53]} 17. Qa3 {[%emt 0:01:11]} Nfd7 {[%emt 0:00:59]} 18. c4 {[%emt 0:03:35]} h6 19. N1d2 {[%emt 0:00:27]} Bb7 {[%emt 0:03:11]} 20. Nb3 {[%emt 0:00:49]} Qe6 {[%emt 0:02:58]} 21. Nfd2 {[%emt 0:02:03]} Nxb3 {[%emt 0:01:12]} 22. Qxb3 {[%emt 0:00:14]} Nc5 {[%emt 0:00:09]} 23. Qc2 {[%emt 0:00:28]} Qc6 {[%emt 0:00:22]} 24. f3 {[%emt 0:01:07]} e4 {[%emt 0:01:13]} 25. fxe4 {[%emt 0:00:44]} Nxe4 {[%emt 0:00:04]} 26. Nxe4 {[%emt 0:00:13]} Rxd1+ {[%emt 0:00:01]} 27. Rxd1 {[%emt 0:00:10]} Qxe4 {[%emt 0:00:48]} 28. Qxe4 {[%emt 0:00:02]} Rxe4 {[%emt 0:00:04]} 29. Bf3 {[%emt 0:00:03]} Bxb2 {[%emt 0:01:11]} 30. Bxe4 Bxe4 {[%emt 0:00:01]} 31. Bxc7 {[%emt 0:00:05]} a4 {[%emt 0:00:31]} 32. Bxb6 {[%emt 0:00:03]} a3 {[%emt 0:00:04]} 33. Rd8+ Kh7 34. Bd4 {[%emt 0:00:37]} g5 {[%emt 0:00:16]} 35. Rb8 {[%emt 0:00:31]} Bc1 {[%emt 0:00:10]} 36. Kf2 {[%emt 0:00:23]} f5 {[%emt 0:00:11]} 37. g3 {[%emt 0:00:12]} Kg6 {[%emt 0:00:10]} 38. Ke1 {[%emt 0:00:04]} Bg2 {[%emt 0:00:05]} 39. Kd1 {[%emt 0:00:07]} Bb2 {[%emt 0:00:01]} 40. Bxb2 {[%emt 0:00:15]} axb2 {[%emt 0:00:00]} 41. Rxb2 {[%emt 0:00:02]} Bxh3 {[%emt 0:00:01]} 42. Ke2 {[%emt 0:00:07]} Bg2 {[%emt 0:00:01]} 43. Kf2 {[%emt 0:00:01]} Bc6 {[%emt 0:00:03]} 44. Rb6 {[%emt 0:00:01]} h5 {[%emt 0:00:02]} 45. Rxc6+ Kf7 {[%emt 0:00:03]} 46. a4 {[%emt 0:00:02]} h4 {[%emt 0:00:01]} 47. Rh6 {[%emt 0:00:02]} hxg3+ {[%emt 0:00:02]} 48. Kxg3 {[%emt 0:00:01]} 1-0

[Event "African Games-chT 2019"]
[Site "Casablanca"]
[Date "2019.08.25"]
[Round "6.13"]
[White "Adu, Oladapo"]
[Black "Hamdouchi, Hicham"]
[Result "0-1"]
[WhiteElo "2273"]
[BlackElo "2562"]
[Annotator "ChessBase"]
[PlyCount "84"]
[EventDate "2019.08.24"]
[EventType "team-tourn"]
[EventCountry "MAR"]
[SourceTitle "playchess.com"]
[Source "ChessBase"]
[SourceQuality "1"]
[WhiteTeam "Nigeria"]
[BlackTeam "Morocco"]
[WhiteTeamCountry "NGR"]
[BlackTeamCountry "MAR"]
[TimeControl "900+10"]

1. e4 {[%emt 0:00:00]} c5 {[%emt 0:00:00]} 2. Nf3 {[%emt 0:00:02]} Nc6 {[%emt 0:00:00]} 3. d3 {[%emt 0:00:07]} g6 {[%emt 0:00:00]} 4. g3 {[%emt 0:00:07]} Bg7 {[%emt 0:00:01]} 5. Bg2 {[%emt 0:00:03]} e5 {[%emt 0:00:07]} 6. O-O {[%emt 0:00:03]} Nge7 {[%emt 0:00:01]} 7. c3 {[%emt 0:00:18]} O-O {[%emt 0:00:06]} 8. a3 {[%emt 0:00:05]} d6 {[%emt 0:00:02]} 9. b4 {[%emt 0:00:05]} a6 {[%emt 0:00:01]} 10. Bb2 {[%emt 0:00:06]} h6 {[%emt 0:00:28]} 11. Nbd2 {[%emt 0:00:13]} Be6 {[%emt 0:00:13]} 12. Re1 {[%emt 0:00:35]} b5 {[%emt 0:00:09]} 13. Nb3 {[%emt 0:01:03]} Qb6 {[%emt 0:00:52]} 14. Rb1 {[%emt 0:00:27]} Rad8 {[%emt 0:00:36]} 15. d4 {[%emt 0:00:38]} exd4 {[%emt 0:01:29]} 16. cxd4 {[%emt 0:00:04]} Bxb3 {[%emt 0:00:18]} 17. Qxb3 {[%emt 0:00:03]} Nxd4 {[%emt 0:00:03]} 18. Nxd4 {[%emt 0:00:13]} cxd4 {[%emt 0:00:01]} 19. Red1 {[%emt 0:00:22]} Rc8 {[%emt 0:00:15]} 20. Bh3 {[%emt 0:01:27]} Rc4 {[%emt 0:00:12]} 21. Rbc1 {[%emt 0:00:03]} Qc6 {[%emt 0:00:29]} 22. Qd3 {[%emt 0:00:12]} d5 {[%emt 0:00:30]} 23. exd5 {[%emt 0:01:21]} Nxd5 {[%emt 0:01:25]} 24. Bg2 {[%emt 0:00:32]} Rd8 {[%emt 0:00:03]} 25. h4 {[%emt 0:00:06]} h5 {[%emt 0:00:19]} 26. Qe4 {[%emt 0:01:28]} Qc7 {[%emt 0:01:03]} 27. Re1 {[%emt 0:03:25]} d3 {[%emt 0:02:29]} 28. Rxc4 {[%emt 0:00:51]} bxc4 {[%emt 0:00:02]} 29. Bxg7 {[%emt 0:00:03]} Kxg7 {[%emt 0:00:02]} 30. Qd4+ {[%emt 0:00:03]} Nf6 {[%emt 0:00:01]} 31. Qc3 {[%emt 0:00:01]} d2 {[%emt 0:04:06]} 32. Rd1 {[%emt 0:00:01]} Rd3 {[%emt 0:00:01]} 33. Qc2 {[%emt 0:00:01]} Qe5 {[%emt 0:00:00]} 34. Bf1 {[%emt 0:00:40]} Qe1 {[%emt 0:00:17]} 35. Qb1 {[%emt 0:00:04]} Rxg3+ {[%emt 0:00:28]} 36. fxg3 {[%emt 0:00:01]} Qxg3+ {[%emt 0:00:02]} 37. Bg2 {[%emt 0:00:03]} c3 {[%emt 0:00:09]} 38. Rf1 {[%emt 0:00:49]} Qe3+ {[%emt 0:00:43]} 39. Kh1 {[%emt 0:00:05]} Ng4 {[%emt 0:00:02]} 40. Qb3 {[%emt 0:00:14]} f5 {[%emt 0:00:59]} 41. Rf3 {[%emt 0:00:11]} Qe1+ {[%emt 0:00:13]} 42. Bf1 {[%emt 0:00:12]} d1=Q {[%emt 0:00:09]} 0-1

[Event "African Games-chT 2019"]
[Site "Casablanca"]
[Date "2019.08.25"]
[Round "6.14"]
[White "Tissir, Mohamed"]
[Black "Osunfuyi, Abimbola"]
[Result "1-0"]
[WhiteElo "2379"]
[BlackElo "2235"]
[Annotator "ChessBase"]
[PlyCount "89"]
[EventDate "2019.08.24"]
[EventType "team-tourn"]
[EventCountry "MAR"]
[SourceTitle "playchess.com"]
[Source "ChessBase"]
[SourceQuality "1"]
[WhiteTeam "Morocco"]
[BlackTeam "Nigeria"]
[WhiteTeamCountry "MAR"]
[BlackTeamCountry "NGR"]
[TimeControl "900+10"]

1. d4 {[%emt 0:00:00]} Nf6 {[%emt 0:00:01]} 2. Nf3 {[%emt 0:00:00]} d5 {[%emt 0:00:31]} 3. e3 {[%emt 0:00:00]} a6 {[%emt 0:01:09]} 4. Bd3 {[%emt 0:00:01]} g6 {[%emt 0:00:32]} 5. O-O {[%emt 0:00:04]} Bg7 {[%emt 0:00:01]} 6. Nbd2 {[%emt 0:00:02]} O-O {[%emt 0:00:03]} 7. Qe2 {[%emt 0:00:03]} c5 {[%emt 0:00:03]} 8. c3 {[%emt 0:00:01]} Nc6 {[%emt 0:00:06]} 9. a3 {[%emt 0:00:11]} Qd6 {[%emt 0:00:16]} 10. dxc5 {[%emt 0:03:42]} Qxc5 {[%emt 0:00:04]} 11. e4 {[%emt 0:00:00]} e5 {[%emt 0:02:57]} 12. Re1 {[%emt 0:04:36]} Bg4 {[%emt 0:00:40]} 13. h3 {[%emt 0:00:40]} Bxf3 {[%emt 0:00:02]} 14. Qxf3 {[%emt 0:00:14]} Rad8 {[%emt 0:00:18]} 15. exd5 {[%emt 0:02:24]} Qxd5 {[%emt 0:00:32]} 16. Bc4 {[%emt 0:01:03]} Qxf3 {[%emt 0:01:41]} 17. Nxf3 {[%emt 0:00:52]} Nd5 {[%emt 0:00:02]} 18. Bg5 {[%emt 0:00:07]} f6 {[%emt 0:01:41]} 19. Rad1 {[%emt 0:00:01]} Nce7 {[%emt 0:00:01]} 20. Be3 {[%emt 0:00:03]} Kh8 {[%emt 0:00:19]} 21. Bc5 {[%emt 0:00:05]} Rfe8 {[%emt 0:00:14]} 22. Rd2 {[%emt 0:01:02]} b5 {[%emt 0:01:16]} 23. Ba2 {[%emt 0:02:36]} Rc8 {[%emt 0:00:07]} 24. Bd6 {[%emt 0:00:26]} Rcd8 {[%emt 0:00:50]} 25. Bc5 {[%emt 0:00:26]} Rc8 {[%emt 0:00:02]} 26. Bd6 {[%emt 0:00:02]} Rcd8 {[%emt 0:00:02]} 27. Bxe7 {[%emt 0:00:04]} Nxe7 {[%emt 0:00:02]} 28. Red1 {[%emt 0:00:00]} Rxd2 {[%emt 0:00:14]} 29. Rxd2 {[%emt 0:00:01]} Nf5 {[%emt 0:00:06]} 30. g4 {[%emt 0:00:07]} e4 {[%emt 0:00:45]} 31. Re2 {[%emt 0:00:42]} Nd6 {[%emt 0:00:07]} 32. Nd4 {[%emt 0:00:01]} f5 {[%emt 0:00:05]} 33. Ne6 {[%emt 0:00:02]} Be5 {[%emt 0:01:01]} 34. f4 {[%emt 0:00:33]} Bf6 {[%emt 0:00:30]} 35. g5 {[%emt 0:00:11]} Bd8 {[%emt 0:00:25]} 36. Nxd8 {[%emt 0:00:16]} Rxd8 {[%emt 0:00:05]} 37. Rd2 {[%emt 0:00:01]} e3 {[%emt 0:01:12]} 38. Rd3 {[%emt 0:00:20]} Re8 {[%emt 0:01:39]} 39. Kf1 {[%emt 0:00:00]} e2+ {[%emt 0:00:53]} 40. Ke1 {[%emt 0:00:02]} Ne4 {[%emt 0:00:03]} 41. Re3 {[%emt 0:00:27]} Kg7 {[%emt 0:00:02]} 42. Bd5 {[%emt 0:00:11]} h6 {[%emt 0:00:06]} 43. h4 {[%emt 0:00:15]} hxg5 {[%emt 0:00:02]} 44. hxg5 {[%emt 0:00:01]} Nd6 {[%emt 0:00:18]} 45. Rxe8 {[%emt 0:00:04]} 1-0